000 00290nam a22001337a 4500
008 180920b xxu||||| |||| 00| 0 eng d
020 _a9780131409415
041 _aeng
080 _a573
100 _a11
101 _aBIO
245 _aBiological Science
_cFreeman .S
942 _2udc
_cBK
999 _c48119
_d48119